| 000 | 00533cam a2200205ua 4500 | ||
|---|---|---|---|
| 020 | _c325.00 | ||
| 041 |
_aeng _h |
||
| 082 |
_a540.0162 _bMUR/TE |
||
| 100 | _aMurthy, Parameswara C . | ||
| 245 |
_aText book of engineering chemistry / _cC Parameswara Murthy. _hTextual Documents |
||
| 260 |
_aHyderabad : _bB S Publications , _c2006. |
||
| 300 | _a ; . | ||
| 365 | _a325.00 | ||
| 504 | _a | ||
| 700 | 1 | _aAgarwal , C A . | |
| 700 | 1 | _aNaidu, Andra . | |
| 942 | _cBK | ||
| 999 |
_c13420 _d13420 |
||